书目信息 |
| 题名: |
世界建筑极限明信片赏鉴
|
|
| 作者: | 薛大德 编著 | |
| 分册: | ||
| 出版信息: | 上海 同济大学出版社 2007.02 |
|
| 页数: | 470页 | |
| 开本: | 22cm | |
| 丛书名: | 传世名作 | |
| 单 册: | ||
| 中图分类: | G894.1-64 | |
| 科图分类: | ||
| 主题词: | 建筑艺术--jian zhu yi shu--鉴赏--图集 , 明信片--ming xin pian--世界--图集 | |
| 电子资源: | ||
| ISBN: | 978-7-5608-3449-8 | |
| 000 | 00977nam 2200277 450 | |
| 001 | 012007370744 | |
| 005 | 20070929102154.39 | |
| 010 | @a978-7-5608-3449-8@b精装@dCNY248.00 | |
| 100 | @a20070814d2007 km y0chiy0120 ea | |
| 101 | 0 | @achi |
| 102 | @aCN@b310000 | |
| 105 | @aa a 000yy | |
| 200 | 1 | @a世界建筑极限明信片赏鉴@Ashi jie jian zhu ji xian ming xin pian shang jian@f薛大德编著@Fxue da de bian zhu |
| 210 | @a上海@c同济大学出版社@d2007.02 | |
| 215 | @a470页@c彩图@d22cm | |
| 225 | 2 | @a传世名作@Achuan shi ming zuo |
| 320 | @a有书目。 | |
| 330 | @a本书精选的世界各国建筑专题极限明信片共470张,这些明信片上展示的建筑很大部分已被联合国教科文组织批准列入《世界遗产名录》。 | |
| 333 | @a建筑艺术研究者,爱好者 | |
| 410 | 0 | @12001 @a传世名作 |
| 606 | 0 | @a建筑艺术@Ajian zhu yi shu@x鉴赏@j图集 |
| 606 | 0 | @a明信片@Aming xin pian@y世界@j图集 |
| 690 | @aG894.1-64@v4 | |
| 701 | 0 | @a薛大德@Axue da de@4编著 |
| 801 | 0 | @aCN@c20070929 |
| 905 | @dG894.1-64@eX940 | |
| 世界建筑极限明信片赏鉴/薛大德编著.-上海:同济大学出版社,2007.02 |
| 470页:彩图;22cm.-(传世名作) |
| 使用对象:建筑艺术研究者,爱好者 |
| ISBN 978-7-5608-3449-8(精装):CNY248.00 |
| 本书精选的世界各国建筑专题极限明信片共470张,这些明信片上展示的建筑很大部分已被联合国教科文组织批准列入《世界遗产名录》。 |
| ● |
| 相关链接 |
|
|
|
正题名:世界建筑极限明信片赏鉴
索取号:G894.1-64/X940
 
预约/预借
| 序号 | 登录号 | 条形码 | 馆藏地/架位号 | 状态 | 备注 |
| 1 | 248974 | 202489743 | 社科库409/409社科库 29排3列5层/ [索取号:G894.1-64/X940] | 在馆 |